SOLIVARY GLAND PATHOLOGIYES (Record no. 4816)
[ view plain ]
| 000 -LEADER | |
|---|---|
| fixed length control field | 00333nam a2200133Ia 4500 |
| 008 - FIXED-LENGTH DATA ELEMENTS--GENERAL INFORMATION | |
| fixed length control field | 150201s2014 xx 000 0 und d |
| 082 ## - DEWEY DECIMAL CLASSIFICATION NUMBER | |
| Classification number | 616.57 |
| Item number | S2013A |
| 100 ## - MAIN ENTRY--PERSONAL NAME | |
| Personal name | NISHEETA ,AGNI |
| 245 ## - TITLE STATEMENT | |
| Title | SOLIVARY GLAND PATHOLOGIYES |
| 250 ## - EDITION STATEMENT | |
| Edition statement | 1ST |
| 260 ## - PUBLICATION, DISTRIBUTION, ETC. (IMPRINT) | |
| Name of publisher, distributor, etc. | JAYPEE-BROTHERS MEDICAL PUBLISHERS |
| 650 ## - SUBJECT ADDED ENTRY--TOPICAL TERM | |
| Topical term or geographic name as entry element | PATHOLOGY |
| 942 ## - ADDED ENTRY ELEMENTS (KOHA) | |
| Source of classification or shelving scheme | Dewey Decimal Classification |
| Koha item type | Books |
| Withdrawn status | Lost status | Source of classification or shelving scheme | Damaged status | Not for loan | Home library | Current library | Date acquired | Serial Enumeration / chronology | SGTU | Total Checkouts | Full call number | Barcode | Date last seen | Bill Date | Koha item type |
|---|---|---|---|---|---|---|---|---|---|---|---|---|---|---|---|
| Dewey Decimal Classification | SGT Dental Library | SGT Dental Library | 06/03/2014 | 1 | SGTU | 616.57 S2013A | FD6868 | 09/02/2015 | 09/02/2015 | Books | |||||
| Dewey Decimal Classification | SGT Dental Library | SGT Dental Library | 06/03/2014 | 1 | SGTU | 616.57 S2013A | FD6869 | 09/02/2015 | 09/02/2015 | Books |